NFL Cheerleading Squads - A Spot the Imposter Click Quiz - Statistics

General Stats
  • This quiz has been taken 84 times
  • The average score is 17 of 32
Answer Stats
Hint Answer % Correct
Atlanta Falconettes Actual Current or Past NFL Cheerleading Squad
83%
Los Angeles Chargerettes Actual Current or Past NFL Cheerleading Squad
75%
San Francisco 49ers Gold Rush Actual Current or Past NFL Cheerleading Squad
75%
Seattle Sea Gals Actual Current or Past NFL Cheerleading Squad
70%
Buffalo Jills Actual Current or Past NFL Cheerleading Squad
68%
Cincinnati Ben-Gals Actual Current or Past NFL Cheerleading Squad
68%
Tampa Bay SwashBucklers Actual Current or Past NFL Cheerleading Squad
68%
Kansas City Chiefettes Actual Current or Past NFL Cheerleading Squad
67%
New Orleans Saintsations Actual Current or Past NFL Cheerleading Squad
67%
Philadelphia Liberty Belles Actual Current or Past NFL Cheerleading Squad
67%
Jacksonville Roar Actual Current or Past NFL Cheerleading Squad
65%
Miami Dolphins Starbrites Actual Current or Past NFL Cheerleading Squad
65%
Denver Pony Express Actual Current or Past NFL Cheerleading Squad
63%
Washington Command Force Actual Current or Past NFL Cheerleading Squad
63%
Chicago Honey Bears Actual Current or Past NFL Cheerleading Squad
62%
Minnesota Vi-Queens Actual Current or Past NFL Cheerleading Squad
62%
Carolina Topcats Actual Current or Past NFL Cheerleading Squad
60%
New York Jets Flight Crew Actual Current or Past NFL Cheerleading Squad
60%
Dallas CowBelles & Beaux Actual Current or Past NFL Cheerleading Squad
53%
Tennessee Amazons Never an NFL Cheerleading Squad
50%
Houston Derrick Dolls Actual Current or Past NFL Cheerleading Squad
48%
Los Angeles Embraceable Ewes Actual Current or Past NFL Cheerleading Squad
47%
Pittsburgh Rosie the Riveters Never an NFL Cheerleading Squad
40%
Baltimore Nevermores
Never an NFL Cheerleading Squad
35%
Detroit Cougars Never an NFL Cheerleading Squad
33%
Green Bay Cheese Curds Never an NFL Cheerleading Squad
33%
Indianapolis Fillies Never an NFL Cheerleading Squad
33%
New York Giantesses Never an NFL Cheerleading Squad
33%
New England Revolutionaries Never an NFL Cheerleading Squad
32%
Cleveland Brownies Never an NFL Cheerleading Squad
30%
Las Vegas Showgirls Never an NFL Cheerleading Squad
25%
Arizona Desert Dancers Never an NFL Cheerleading Squad
22%
No matching quizzes found
Score Distribution
Percent of People with Each Score
Percentile by Number Answered
Your Score History
You have not taken this quiz